| 000 | 00929nam a22002771 4500 | ||
|---|---|---|---|
| 001 | 16815 | ||
| 003 | BD-RjUL | ||
| 005 | 20211209000043.0 | ||
| 008 | 140215r19531937nyua b 001 0 eng | ||
| 035 | _a(BD-RjUL)16870 | ||
| 035 | _a(OCoLC)850802 | ||
| 040 |
_aDLC _cOOxM _dBD-RjUL _beng |
||
| 041 | _aeng | ||
| 082 |
_a707 _bNIA 1953 |
||
| 100 | 1 |
_aNicholas, Florence Williams _d1893- _951930 |
|
| 245 | 1 | 0 |
_aArt activities in the modern school / _cFlorence Williams Nicholas, Nellie Clare Mawhood [and] Mabel B. Trilling |
| 260 |
_aNew York : _bThe Macmillan Company, _cc1937 [reprint 1953]. |
||
| 300 |
_axiv, 379 p. : _billus. ; _c22 cm. |
||
| 504 | _aInclude bibliography and index. | ||
| 650 | 0 |
_aArt _xStudy and teaching. _951931 |
|
| 700 | 1 |
_aMawhood, Nellie Clare _ejoint author. _951932 |
|
| 700 | 1 |
_aTrilling, Mabel Barbara _ejoint author. _951933 |
|
| 942 |
_2ddc _cBK |
||
| 999 |
_c16815 _d16815 |
||